Slovenská literatúra pre 1. ročník stredných škôl (gymnázia, stredných odborných škôl a štvorročných stredných odborných učilíšť) s vyučovacím jazykom maďarským /

Uložené v:
Podrobná bibliografia
Hlavní autori: Koutun, Juraj 1921-1991 (Author), Hegerová, Magdaléna (Author), Hölgye, Štefan (Author)
Médium: Kniha
Jazyk:Slovak
Hungarian
Vydané: Bratislava : Slovenské pedagogické nakladateĺstvo, 1984.
Vydanie:1. vyd.
ISBN: (viaz.)
Fyzický popis: 143 s.
Tagy: Pridať tag
Žiadne tagy, Buďte prvý kto otaguje tento záznam!

MARC

LEADER 00000nam a22000004a 4500
001 000413251
005 20121216202508.0
008 121216s1984 xo e 000 0 slo d
020 |a (viaz.)  |c Kčs 9,50 
040 |a SVKKK  |b slo  |c SVKKK  |e AACR2 
041 0 |a slo  |a hun 
044 |a xo  |c SK 
100 1 |a Koutun, Juraj  |d 1921-1991  |4 aut 
245 1 0 |a Slovenská literatúra pre 1. ročník stredných škôl (gymnázia, stredných odborných škôl a štvorročných stredných odborných učilíšť) s vyučovacím jazykom maďarským /  |c Juraj Koutun, Magdaléna Hegerová, Štefan Hölgye. 
250 |a 1. vyd. 
260 |a Bratislava :  |b Slovenské pedagogické nakladateĺstvo,  |c 1984. 
300 |a 143 s. 
700 1 |a Hegerová, Magdaléna  |4 aut 
700 1 |a Hölgye, Štefan  |4 aut 
910 |a svkkk 
998 |a BK 
090 |g SCKHL  |k Sklad Pribinova 2. posch.  |a II.301427  |j 693415  |i B276794  |s Absenčne